000
00520nam a2200133Ia 4500
008
100328s9999 xx 000 0 und d
082
_b
45688
100
_a
पारगंावकर ज्ञानेश्वर
245
_a
बिगबुल आणि स्मॅालगाय
260
_b
मेहता पब्लिशिंग हाऊस
630
_a
बिगबुल आणि स्मॅालगाय
730
_a
बिगबुल आणि स्मॅालगाय
942
_c
BOOK
999
_c
533785
_d
533782